[Event "Fagernes op"]
[Site "Fagernes"]
[Date "2025.04.20"]
[Round "9"]
[White "Torfoss, Sivert Schanche"]
[Black "Skotheim, Andreas"]
[Result "1/2-1/2"]
[WhiteElo "2141"]
[BlackElo "2229"]
[PlyCount "100"]
[EventDate "2025.04.13"]
[EventType "swiss"]
[EventRounds "9"]
[EventCountry "NOR"]
[SourceTitle "CB17_2025"]
[SourceDate "2025.04.23"]
[SourceVersion "1"]
[SourceVersionDate "2025.04.23"]
[SourceQuality "1"]

1. Nf3 Nf6 2. c4 b6 3. g3 Bb7 4. d4 g6 5. Bg2 Bg7 6. 0-0 0-0 7. Nc3 Ne4 8. Qc2 Nxc3 9. Qxc3 c5 10. Be3 Bxf3 11. Bxf3 Nc6 12. Bxc6 dxc6 13. Rad1 Qd7 14. Qd3 cxd4 15. Bxd4 Rfd8 16. Bxg7 Qxd3 17. Rxd3 Rxd3 18. exd3 Kxg7 19. Re1 Kf6 20. Kf1 Rd8 21. Ke2 a5 22. a3 e5 23. Ke3 Kf5 24. h3 h5 25. Rc1 Ke6 26. Rd1 Rd4 27. b4 a4 28. Rf1 h4 29. g4 c5 30. bxc5 bxc5 31. f3 f5 32. gxf5+ gxf5 33. Rb1 e4 34. Rb6+ Kd7 35. fxe4 fxe4 36. dxe4 Rxc4 37. Kd3 Rd4+ 38. Ke3 Rd1 39. Rh6 c4 40. Ke2 Rd4 41. Rxh4 c3 42. Rh7+ Kc6 43. Rh8 Kd7 44. Rh7+ Kc6 45. Rh8 Kd7 46. Rg8 Rxe4+ 47. Kd3 c2 48. Kxc2 Re3 49. h4 Rxa3 50. h5 Rh3 1/2-1/2

[Event "Titled Tuesday intern op 01st Apr Early"]
[Site "Chess.com INT"]
[Date "2025.04.01"]
[Round "3"]
[White "Bonaveri, Agustin"]
[Black "Skotheim, Andreas"]
[Result "1/2-1/2"]
[WhiteElo "2367"]
[BlackElo "2229"]
[PlyCount "135"]
[EventDate "2025.04.01"]
[EventType "swiss (blitz)"]
[EventRounds "11"]
[EventCountry "USA"]
[SourceTitle "CB15_2025"]
[SourceDate "2025.04.09"]
[SourceVersion "1"]
[SourceVersionDate "2025.04.09"]
[SourceQuality "1"]

1. c4 b6 2. Nf3 Bb7 3. g3 Nf6 4. Bg2 g6 5. 0-0 Bg7 6. d4 0-0 7. Nc3 Ne4 8. Bd2 d6 9. e3 Nxd2 10. Qxd2 e6 11. b4 c5 12. bxc5 dxc5 13. Rfd1 cxd4 14. exd4 Nc6 15. d5 exd5 16. cxd5 Na5 17. Rac1 Rc8 18. Nd4 Qf6 19. Nce2 Nc4 20. Qb4 Nd6 21. Nc6 Bxc6 22. Rxc6 Rcd8 23. Nd4 Qe7 24. Nb5 Nf5 25. Qxe7 Nxe7 26. Rc7 a6 27. Rxe7 axb5 28. d6 Rfe8 29. Rxe8+ Rxe8 30. d7 Rd8 31. Bc6 b4 32. Rd5 Kf8 33. Rb5 Bd4 34. Rxb4 Bc5 35. Re4 Be7 36. Bb5 f5 37. Re6 Rb8 38. Rc6 Rd8 39. Rxb6 Kf7 40. Bc4+ Kg7 41. Bb5 Kf7 42. a4 Bb4 43. Kg2 Ke7 44. Rb7 Bc5 45. Rc7 Bb6 46. Rc8 Ba5 47. Kf3 g5 48. h4 h6 49. Rxd8 Kxd8 50. hxg5 hxg5 51. g4 fxg4+ 52. Kxg4 Bd2 53. a5 Bxa5 54. Kxg5 Ke7 55. f4 Bd8 56. f5 Kf7+ 57. Kf4 Kf6 58. Ke4 Ke7 59. Ke5 Bc7+ 60. Kd5 Kf6 61. Kc6 Ba5 62. Bd3 Ke7 63. Bc2 Bc3 64. Bd3 Kd8 65. Bc2 Ke7 66. Bd3 Ba5 67. Be4 Bc3 68. Bd3 1/2-1/2

[Event "Titled Tuesday intern op 01st Apr Early"]
[Site "Chess.com INT"]
[Date "2025.04.01"]
[Round "5"]
[White "Janik, Igor"]
[Black "Skotheim, Andreas"]
[Result "1-0"]
[WhiteElo "2527"]
[BlackElo "2229"]
[PlyCount "85"]
[EventDate "2025.04.01"]
[EventType "swiss (blitz)"]
[EventRounds "11"]
[EventCountry "USA"]
[SourceTitle "CB15_2025"]
[SourceDate "2025.04.09"]
[SourceVersion "1"]
[SourceVersionDate "2025.04.09"]
[SourceQuality "1"]

1. d4 d5 2. c4 c5 3. cxd5 Nf6 4. dxc5 Qxd5 5. Qxd5 Nxd5 6. e4 Nb4 7. Na3 e5 8. Be3 N8a6 9. Bxa6 bxa6 10. Nf3 f6 11. Nd2 Bxc5 12. Bxc5 Nd3+ 13. Ke2 Nxc5 14. Rhc1 Ne6 15. f3 Bd7 16. Ke3 Ke7 17. Rc3 Rhd8 18. Rac1 Rab8 19. b3 h5 20. Nac4 Bb5 21. g3 Rd7 22. a4 Bxc4 23. Nxc4 Nd4 24. Na5 g6 25. Rd3 Rb6 26. Rcc3 g5 27. h4 Ke6 28. Kf2 gxh4 29. gxh4 Rg7 30. Nc4 Rb8 31. Ne3 Rbg8 32. Rc4 Rb8 33. Rcxd4 exd4 34. Nf5 Rgb7 35. Nxd4+ Kf7 36. Ke3 Rd8 37. Rc3 Rbd7 38. Nf5 Rd1 39. Kf4 R8d7 40. Rc6 R1d3 41. Rxa6 Rxb3 42. Ne3 Rdd3 43. Rxa7+ 1-0

[Event "Fagernes Autumn op"]
[Site "Fagernes"]
[Date "2024.10.09"]
[Round "4"]
[White "Skotheim, Andreas"]
[Black "Bjorkan, Olav"]
[Result "1-0"]
[WhiteElo "2234"]
[BlackElo "2022"]
[PlyCount "127"]
[EventDate "2024.10.06"]
[EventType "swiss"]
[EventRounds "9"]
[EventCountry "NOR"]
[SourceTitle "CB42_2024"]
[Source "ChessBase"]
[SourceDate "2024.10.16"]
[SourceVersion "1"]
[SourceVersionDate "2024.10.16"]
[SourceQuality "1"]

1. d4 d5 2. c4 e6 3. Nc3 Nf6 4. cxd5 exd5 5. Bg5 Be7 6. e3 0-0 7. Bd3 b6 8. Nf3 Bb7 9. Qc2 Nbd7 10. Bf4 c5 11. 0-0 h6 12. h3 a6 13. a4 Nb8 14. Bxb8 Rxb8 15. Ne5 cxd4 16. exd4 Bb4 17. Rad1 Rc8 18. Qb3 Qd6 19. Rfe1 Rc7 20. Re3 Nd7 21. Rde1 Nxe5 22. Rxe5 Bxc3 23. bxc3 Qc6 24. R5e3 Rd8 25. Bb1 b5 26. axb5 axb5 27. Qxd5 Rf8 28. Qxc6 Bxc6 29. Re5 g6 30. Rc5 Rfc8 31. Ba2 Kf8 32. Re3 Bd7 33. Rxc7 Rxc7 34. Bd5 b4 35. cxb4 Rc1+ 36. Kh2 Rd1 37. Bc4 Rxd4 38. Rc3 Rd2 39. Rd3 Rc2 40. Bb3 Rb2 41. Bxf7 Bf5 42. Rb3 Rxf2 43. Bd5 Rd2 44. Bc6 Be6 45. Ra3 Bd5 46. Bxd5 Rxd5 47. Rb3 Rb5 48. Kg3 Ke7 49. Kf4 Kd6 50. Ke4 Re5+ 51. Kd4 Re2 52. b5 Rd2+ 53. Kc4 Rc2+ 54. Kd4 Rd2+ 55. Ke4 Rxg2 56. b6 Re2+ 57. Kd4 Re8 58. Rf3 Rd8 59. Rf6+ Ke7+ 60. Ke5 Rd3 61. Rxg6 Rxh3 62. Rg7+ Kd8 63. Rg8+ Kd7 64. b7 1-0

[Event "Titled Tuesday intern op 24th Sep Early"]
[Site "Chess.com INT"]
[Date "2024.09.24"]
[Round "4"]
[White "Skotheim, Andreas"]
[Black "Zimmermann, Ulrich"]
[Result "0-1"]
[WhiteElo "2234"]
[BlackElo "2280"]
[PlyCount "52"]
[EventDate "2024.09.24"]
[EventType "swiss (blitz)"]
[EventRounds "11"]
[EventCountry "USA"]
[SourceTitle "EXT 2025"]
[Source "ChessBase"]
[SourceDate "2024.10.14"]
[SourceVersion "1"]
[SourceVersionDate "2024.10.14"]
[SourceQuality "1"]

1. Nc3 Nf6 2. e4 e5 3. Bc4 Nxe4 4. Qh5 Nd6 5. Bb3 Nc6 6. Nb5 g6 7. Qf3 f5 8. Qd5 Qf6 9. Nxc7+ Kd8 10. Nxa8 b6 11. Ne2 Bb7 12. Nxb6 axb6 13. Qd3 f4 14. Nc3 Nd4 15. Bd5 Bxd5 16. Nxd5 Qg5 17. 0-0 f3 18. Ne3 Ne2+ 19. Kh1 Nf4 20. gxf3 Nxd3 21. cxd3 Qf4 22. Kg2 Nf5 23. Nxf5 gxf5 24. Re1 Rg8+ 25. Kf1 Qxf3 26. Rxe5 Bc5 0-1

[Event "Titled Tuesday intern op 17th Sep Early"]
[Site "Chess,com INT"]
[Date "2024.09.17"]
[Round "5"]
[White "Aradhya, Garg"]
[Black "Skotheim, Andreas"]
[Result "0-1"]
[WhiteElo "2405"]
[BlackElo "2234"]
[PlyCount "84"]
[EventDate "2024.09.17"]
[EventType "swiss (blitz)"]
[EventRounds "11"]
[EventCountry "USA"]
[SourceTitle "EXT 2025"]
[Source "ChessBase"]
[SourceDate "2024.10.14"]
[SourceVersion "1"]
[SourceVersionDate "2024.10.14"]
[SourceQuality "1"]

1. d4 d5 2. c4 e5 3. dxe5 Ne7 4. Nf3 Nbc6 5. cxd5 Qxd5 6. Qxd5 Nxd5 7. a3 h6 8. e4 Nb6 9. Nc3 Be6 10. Be3 0-0-0 11. Bb5 Na5 12. 0-0 g5 13. Rad1 Bg7 14. h3 Nac4 15. Bxb6 axb6 16. Bxc4 Bxc4 17. Rfe1 c6 18. Rd6 Bb3 19. Re3 Bc4 20. h4 g4 21. Nd2 Be6 22. Red3 Bxe5 23. Rxd8+ Rxd8 24. Rxd8+ Kxd8 25. g3 Ke7 26. Kf1 Kd6 27. Ke2 Kc5 28. b4+ Kd6 29. Kd3 b5 30. Nd1 b6 31. Kc2 Bd4 32. Kd3 c5 33. Ne3 Bb2 34. Nc2 Ke5 35. bxc5 bxc5 36. f4+ gxf3 37. Nxf3+ Kd6 38. Nd2 Be5 39. Nf1 Bc4+ 40. Kd2 Bxf1 41. Ne3 Bh3 42. a4 bxa4 0-1

[Event "Titled Tuesday intern op 17th Sep Early"]
[Site "Chess,com INT"]
[Date "2024.09.17"]
[Round "6"]
[White "Bardyk, Artem"]
[Black "Skotheim, Andreas"]
[Result "1-0"]
[WhiteElo "2278"]
[BlackElo "2234"]
[PlyCount "44"]
[EventDate "2024.09.17"]
[EventType "swiss (blitz)"]
[EventRounds "11"]
[EventCountry "USA"]
[SourceTitle "EXT 2025"]
[Source "ChessBase"]
[SourceDate "2024.10.14"]
[SourceVersion "1"]
[SourceVersionDate "2024.10.14"]
[SourceQuality "1"]

1. e4 Nc6 2. Nf3 d6 3. d4 Nf6 4. Nc3 g6 5. h3 Bg7 6. Bb5 a6 7. Bxc6+ bxc6 8. 0-0 0-0 9. Bf4 a5 10. Qd2 Ba6 11. Rfe1 Rb8 12. b3 Nd7 13. Rad1 c5 14. Bh6 c4 15. e5 c6 16. Qf4 d5 17. Qh4 f6 18. Re3 Bxh6 19. Qxh6 fxe5 20. Ng5 Rf7 21. Nxf7 Kxf7 22. Qxh7+ Ke8 1-0

[Event "Titled Tuesday intern op 17th Sep Early"]
[Site "Chess,com INT"]
[Date "2024.09.17"]
[Round "11"]
[White "Bettalli, Francesco"]
[Black "Skotheim, Andreas"]
[Result "1-0"]
[WhiteElo "2368"]
[BlackElo "2234"]
[PlyCount "83"]
[EventDate "2024.09.17"]
[EventType "swiss (blitz)"]
[EventRounds "11"]
[EventCountry "USA"]
[SourceTitle "EXT 2025"]
[Source "ChessBase"]
[SourceDate "2024.10.14"]
[SourceVersion "1"]
[SourceVersionDate "2024.10.14"]
[SourceQuality "1"]

1. e4 Nc6 2. Nf3 d6 3. d4 Nf6 4. Nc3 g6 5. Bc4 Bg7 6. 0-0 0-0 7. h3 a6 8. a4 Nxe4 9. Bxf7+ Rxf7 10. Nxe4 h6 11. c3 e5 12. dxe5 Nxe5 13. Nxe5 Bxe5 14. f4 Bg7 15. Qf3 c6 16. Be3 Be6 17. Qg3 Qe7 18. Rae1 Bf5 19. Nd2 Bf6 20. Qf3 Qf8 21. Bf2 Re8 22. g4 Bd7 23. Qd3 Kg7 24. Rxe8 Bxe8 25. Ne4 Be7 26. Bd4+ Kh7 27. f5 gxf5 28. gxf5 d5 29. f6 dxe4 30. Qxe4+ Kg8 31. Qg6+ Rg7 32. Qxg7+ Qxg7+ 33. fxg7 Bf7 34. Re1 Bd6 35. b4 b5 36. a5 h5 37. Rf1 Be7 38. Kf2 Bh4+ 39. Ke3 Bg5+ 40. Ke4 Bd5+ 41. Kf5 Bh6 42. Kg6 1-0

[Event "Titled Tuesday intern op 17th Sep Late"]
[Site "Chess,com INT"]
[Date "2024.09.17"]
[Round "9"]
[White "Polok, Kacper"]
[Black "Skotheim, Andreas"]
[Result "1/2-1/2"]
[WhiteElo "2233"]
[BlackElo "2234"]
[PlyCount "156"]
[EventDate "2024.09.17"]
[EventType "swiss (blitz)"]
[EventRounds "11"]
[EventCountry "USA"]
[SourceTitle "EXT 2025"]
[Source "ChessBase"]
[SourceDate "2024.10.14"]
[SourceVersion "1"]
[SourceVersionDate "2024.10.14"]
[SourceQuality "1"]

1. e4 Nc6 2. Nc3 d6 3. d4 Nf6 4. f3 e5 5. dxe5 dxe5 6. Qxd8+ Nxd8 7. Bc4 Be6 8. Bb3 Bc5 9. Nh3 Bxb3 10. axb3 Ne6 11. Ne2 0-0-0 12. Nf2 Nd7 13. Nd3 Bb6 14. Bd2 f6 15. h4 Ndc5 16. Nxc5 Bxc5 17. 0-0-0 Rd7 18. b4 Bb6 19. c3 a5 20. bxa5 Bxa5 21. Kc2 Bb6 22. Bc1 Rhd8 23. h5 h6 24. Rxd7 Rxd7 25. Ng3 Nc5 26. Nf5 Ne6 27. g4 Bc5 28. b4 Bf8 29. Be3 b6 30. Ra1 Kb7 31. Rd1 Rxd1 32. Kxd1 Kc6 33. Kc2 b5 34. Kd3 Kd7 35. Bd2 c5 36. bxc5 Nxc5+ 37. Kc2 Kc6 38. Be3 Ne6 39. Kb3 Kd7 40. Bb6 Kc6 41. Ba7 Kb7 42. Bf2 Kc6 43. Kc2 Kb7 44. Kd3 Kc6 45. Bg1 Nf4+ 46. Kc2 Ne6 47. Be3 Bc5 48. Bxh6 gxh6 49. Nxh6 Kd7 50. Ng8 Be7 51. c4 bxc4 52. Kc3 Ng5 53. h6 Ke6 54. Kxc4 Bd8 55. Kd3 Kf7 56. h7 Nxh7 57. Nh6+ Kg6 58. Nf5 Ng5 59. Ke2 Nf7 60. Kf2 Bc7 61. Kg3 Bd6 62. Ne3 Bf8 63. Nd5 Nd6 64. Nc3 Bh6 65. Nd5 Nc4 66. f4 exf4+ 67. Nxf4+ Bxf4+ 68. Kxf4 Nb6 69. e5 Nd5+ 70. Ke4 Nc3+ 71. Kf4 Ne2+ 72. Ke4 Ng3+ 73. Kf4 Ne2+ 74. Ke4 Nc3+ 75. Kf4 Nd5+ 76. Ke4 fxe5 77. Kxd5 Kg5 78. Kxe5 Kxg4 1/2-1/2

[Event "Titled Tuesday intern op 17th Sep Early"]
[Site "Chess,com INT"]
[Date "2024.09.17"]
[Round "3"]
[White "Skotheim, Andreas"]
[Black "Krzywda, Andrzej"]
[Result "1-0"]
[WhiteElo "2234"]
[BlackElo "2208"]
[PlyCount "61"]
[EventDate "2024.09.17"]
[EventType "swiss (blitz)"]
[EventRounds "11"]
[EventCountry "USA"]
[SourceTitle "EXT 2025"]
[Source "ChessBase"]
[SourceDate "2024.10.14"]
[SourceVersion "1"]
[SourceVersionDate "2024.10.14"]
[SourceQuality "1"]

1. Nc3 d5 2. e4 d4 3. Nce2 e5 4. Ng3 Be6 5. Nf3 f6 6. b3 Qd7 7. Bc4 Bxc4 8. bxc4 d3 9. 0-0 Bc5 10. Rb1 b6 11. cxd3 Qxd3 12. Qb3 Qd7 13. d3 Nc6 14. Be3 Bxe3 15. fxe3 Rd8 16. Rbd1 Nge7 17. d4 Na5 18. Qc3 exd4 19. exd4 0-0 20. d5 Qa4 21. Nd4 Qxc4 22. Qa3 Rfe8 23. Ne6 Rc8 24. Nh5 Qxe4 25. Nexg7 Nxd5 26. Rxd5 Qe3+ 27. Qxe3 Rxe3 28. Rd7 Rf8 29. Nxf6+ Kh8 30. Nge8 Rxf6 31. Nxf6 1-0

[Event "Titled Tuesday intern op 17th Sep Late"]
[Site "Chess,com INT"]
[Date "2024.09.17"]
[Round "10"]
[White "Skotheim, Andreas"]
[Black "Reprintsev, Alexander"]
[Result "1-0"]
[WhiteElo "2234"]
[BlackElo "2230"]
[PlyCount "37"]
[EventDate "2024.09.17"]
[EventType "swiss (blitz)"]
[EventRounds "11"]
[EventCountry "USA"]
[SourceTitle "EXT 2025"]
[Source "ChessBase"]
[SourceDate "2024.10.14"]
[SourceVersion "1"]
[SourceVersionDate "2024.10.14"]
[SourceQuality "1"]

1. Nc3 d5 2. d4 Nf6 3. Bf4 a6 4. e3 e6 5. Bd3 c5 6. Nf3 c4 7. Be2 b5 8. 0-0 Nc6 9. Ne5 Nxe5 10. Bxe5 b4 11. Na4 Nd7 12. Bg3 Bb7 13. e4 Bc6 14. c3 Be7 15. exd5 Bxd5 16. cxb4 Bxb4 17. Rc1 Rc8 18. Nc3 Bb7 19. Qa4 1-0

[Event "Titled Tuesday intern op 17th Sep Late"]
[Site "Chess,com INT"]
[Date "2024.09.17"]
[Round "1"]
[White "Skotheim, Andreas"]
[Black "Yunker, Alisa Genrietta"]
[Result "1-0"]
[WhiteElo "2234"]
[BlackElo "1872"]
[PlyCount "113"]
[EventDate "2024.09.17"]
[EventType "swiss (blitz)"]
[EventRounds "11"]
[EventCountry "USA"]
[SourceTitle "EXT 2025"]
[Source "ChessBase"]
[SourceDate "2024.10.14"]
[SourceVersion "1"]
[SourceVersionDate "2024.10.14"]
[SourceQuality "1"]

1. Nc3 c6 2. e4 d5 3. d4 dxe4 4. Nxe4 Nf6 5. Nxf6+ exf6 6. c3 Bd6 7. Bd3 0-0 8. Ne2 Re8 9. 0-0 Bg4 10. Qc2 Bxe2 11. Bxe2 Nd7 12. Bd3 g6 13. Bd2 f5 14. Rae1 Qc7 15. h4 Nf6 16. Bg5 Kg7 17. Qd2 Ne4 18. Bh6+ Kg8 19. Qc2 Nf6 20. Bc4 Re4 21. Bg5 Rxe1 22. Rxe1 Ne4 23. Bh6 Re8 24. a4 c5 25. Bb5 Re7 26. Bd3 cxd4 27. cxd4 Bh2+ 28. Kf1 Qxc2 29. Bxc2 Bd6 30. f3 Ng3+ 31. Kf2 Rxe1 32. Kxe1 Nh5 33. Be3 f4 34. Bf2 Nf6 35. Ke2 Kf8 36. Kd3 Ke7 37. Kc4 Ke6 38. Be4 Nxe4 39. fxe4 f5 40. e5 Be7 41. Be1 h6 42. Bc3 Bxh4 43. d5+ Kd7 44. e6+ Kc7 45. Be5+ Kd8 46. Bxf4 g5 47. Be5 Ke7 48. Bd4 g4 49. Bc5+ Kd8 50. d6 f4 51. Bxa7 f3 52. Bb6+ Ke8 53. gxf3 gxf3 54. d7+ Kf8 55. Kd3 f2 56. Ke2 Be7 57. Bc5 1-0

[Event "Titled Tuesday intern op 10th Sep Early"]
[Site "Chess,com INT"]
[Date "2024.09.10"]
[Round "7"]
[White "Skotheim, Andreas"]
[Black "Dias, Paulo Jorge Guimara"]
[Result "1-0"]
[WhiteElo "2234"]
[BlackElo "2304"]
[PlyCount "63"]
[EventDate "2024.09.10"]
[EventType "swiss (blitz)"]
[EventRounds "11"]
[EventCountry "USA"]
[SourceTitle "EXT 2025"]
[Source "ChessBase"]
[SourceDate "2024.10.14"]
[SourceVersion "1"]
[SourceVersionDate "2024.10.14"]
[SourceQuality "1"]

1. Nc3 d5 2. e4 d4 3. Nce2 c5 4. Ng3 Nc6 5. Nf3 Nf6 6. Bb5 Bd7 7. 0-0 a6 8. Bxc6 Bxc6 9. Ne5 Rc8 10. d3 e6 11. Bg5 Be7 12. f4 0-0 13. Nxc6 Rxc6 14. Qf3 c4 15. f5 h6 16. Bf4 cxd3 17. cxd3 Rc2 18. Rf2 Rxf2 19. Qxf2 Ng4 20. Qe2 Ne3 21. Bxe3 dxe3 22. Qxe3 Bf6 23. e5 Bg5 24. Qe4 Qb6+ 25. Kh1 Qxb2 26. Rf1 exf5 27. Nxf5 Qxa2 28. h4 Bd8 29. Qg4 g6 30. Nxh6+ Kh7 31. Qf4 Qe6 32. Nxf7 1-0

[Event "Titled Tuesday intern op 10th Sep Late"]
[Site "Chess,com INT"]
[Date "2024.09.10"]
[Round "8"]
[White "Skotheim, Andreas"]
[Black "Slade, Theodore"]
[Result "0-1"]
[WhiteElo "2234"]
[BlackElo "2086"]
[PlyCount "84"]
[EventDate "2024.09.10"]
[EventType "swiss (blitz)"]
[EventRounds "11"]
[EventCountry "USA"]
[SourceTitle "EXT 2025"]
[Source "ChessBase"]
[SourceDate "2024.10.14"]
[SourceVersion "1"]
[SourceVersionDate "2024.10.14"]
[SourceQuality "1"]

1. Nc3 d5 2. Nf3 d4 3. Nb1 Nf6 4. d3 c5 5. c3 Nc6 6. g3 e5 7. Bg2 Be7 8. 0-0 0-0 9. a3 a5 10. Nbd2 Bf5 11. Qb3 Qc7 12. a4 Rfe8 13. Ng5 Bg6 14. Nge4 Nxe4 15. Nxe4 Rad8 16. h4 Kh8 17. Bg5 f6 18. Bd2 Bf8 19. Qb5 f5 20. Ng5 h6 21. Nh3 e4 22. Bf4 Bd6 23. Rac1 e3 24. Qxc5 exf2+ 25. Rxf2 Bxc5 26. Bxc7 Rc8 27. Bf4 dxc3 28. e3 cxb2 29. Rxb2 Ba3 30. Rxc6 Bxb2 31. Rxg6 Rc1+ 32. Kh2 Bf6 33. e4 Kh7 34. h5 Rc2 35. Kg1 Rd8 36. e5 Be7 37. Re6 Bc5+ 38. Kh2 Rxd3 39. Re8 Rb3 40. e6 Rbb2 41. e7 Rxg2+ 42. Kh1 Rh2# 0-1

[Event "Titled Tuesday intern op 03rd Sep Late"]
[Site "Chess.com INT"]
[Date "2024.09.03"]
[Round "7"]
[White "Gurevich, Dmitry"]
[Black "Skotheim, Andreas"]
[Result "1-0"]
[WhiteElo "2352"]
[BlackElo "2234"]
[PlyCount "143"]
[EventDate "2024.09.03"]
[EventType "swiss (blitz)"]
[EventRounds "11"]
[EventCountry "USA"]
[SourceTitle "EXT 2025"]
[Source "ChessBase"]
[SourceDate "2024.10.14"]
[SourceVersion "1"]
[SourceVersionDate "2024.10.14"]
[SourceQuality "1"]

1. d4 Nf6 2. c4 c5 3. Nf3 cxd4 4. Nxd4 g6 5. Nc3 d5 6. Bg5 dxc4 7. Bxf6 exf6 8. e3 Bg7 9. Bxc4 0-0 10. 0-0 a6 11. a4 Qc7 12. Qe2 Nc6 13. Nd5 Nxd4 14. exd4 Qd8 15. Rfd1 Re8 16. Qf3 Bd7 17. Ne3 Qb6 18. b3 Rab8 19. a5 Qd6 20. Qg3 Qxg3 21. hxg3 f5 22. Rac1 Bf8 23. Nd5 Kg7 24. Nb6 Rbd8 25. Bd5 Bc8 26. Rxc8 Rxc8 27. Nxc8 Rxc8 28. Bxb7 Rb8 29. Bxa6 Rxb3 30. Be2 Ra3 31. a6 Ra2 32. Kf1 Bd6 33. Bc4 Ra4 34. Rc1 h5 35. Ke2 f4 36. gxf4 Bxf4 37. Rc2 g5 38. Kd3 h4 39. Ra2 Rxa2 40. Bxa2 Bb8 41. Bb3 g4 42. Bd1 f5 43. Be2 Kf6 44. Bf1 Ba7 45. Kc4 Ke6 46. Bd3 h3 47. gxh3 gxh3 48. Bf1 h2 49. Bg2 f4 50. Kd3 Kf5 51. Bf3 Bb6 52. Kc4 Ba7 53. Kd5 Kf6 54. Ke4 Kg5 55. Ke5 Bb8+ 56. Ke6 Ba7 57. d5 Kh4 58. d6 Kh3 59. d7 Bb6 60. a7 Bxa7 61. d8Q Bxf2 62. Qh8+ Kg3 63. Bh1 Be3 64. Qg7+ Kf2 65. Qg4 Ke1 66. Qg2 Bg1 67. Ke5 f3 68. Qxf3 Kd2 69. Ke4 Ke1 70. Qg2 Kd1 71. Kd3 Be3 72. Qf1# 1-0

[Event "Titled Tuesday intern op 03rd Sep Late"]
[Site "Chess.com INT"]
[Date "2024.09.03"]
[Round "4"]
[White "Ventura Bolet, Maxim"]
[Black "Skotheim, Andreas"]
[Result "1/2-1/2"]
[WhiteElo "2246"]
[BlackElo "2234"]
[PlyCount "121"]
[EventDate "2024.09.03"]
[EventType "swiss (blitz)"]
[EventRounds "11"]
[EventCountry "USA"]
[SourceTitle "EXT 2025"]
[Source "ChessBase"]
[SourceDate "2024.10.14"]
[SourceVersion "1"]
[SourceVersionDate "2024.10.14"]
[SourceQuality "1"]

1. e4 Nc6 2. d4 e5 3. dxe5 Nxe5 4. f4 Nc6 5. Nf3 g6 6. Bc4 Bg7 7. Be3 Bxb2 8. Nbd2 d6 9. Rb1 Bg7 10. 0-0 Na5 11. Qe2 Nxc4 12. Nxc4 Ne7 13. Bd4 Bxd4+ 14. Nxd4 0-0 15. c3 d5 16. Ne5 dxe4 17. Qxe4 Bf5 18. Nxf5 Nxf5 19. Rxb7 Nd6 20. Qf3 Nxb7 21. Qxb7 Qd6 22. Qf3 Rab8 23. Ng4 h5 24. Ne5 Rb2 25. Qg3 Re8 26. h4 Rxa2 27. Re1 Rd2 28. Qf3 Qe6 29. Kh2 Qd5 30. Qg3 Rb8 31. Nxg6 Rxg2+ 32. Qxg2 Qxg2+ 33. Kxg2 fxg6 34. Re7 Rc8 35. Kf3 a5 36. Re6 Ra8 37. Rxg6+ Kf7 38. Rc6 a4 39. Rxc7+ Ke6 40. Rb7 a3 41. Rb1 a2 42. Ra1 Kd5 43. f5 Ke5 44. f6 Kxf6 45. Ke4 Ra4+ 46. Kd5 Kf5 47. c4 Kg4 48. c5 Kxh4 49. c6 Ra8 50. c7 Kg4 51. Kc6 h4 52. Kb7 Rh8 53. Rxa2 h3 54. Rd2 Rh7 55. Rd4+ Kg3 56. Rd3+ Kg2 57. Rd2+ Kg3 58. Rd3+ Kg2 59. Rxh3 Kxh3 60. Kb8 Rxc7 61. Kxc7 1/2-1/2

[Event "Titled Tuesday intern op 20th Aug Early"]
[Site "Chess.com INT"]
[Date "2024.08.20"]
[Round "3"]
[White "Konenkin, Dmitry"]
[Black "Skotheim, Andreas"]
[Result "1-0"]
[WhiteElo "2267"]
[BlackElo "2234"]
[PlyCount "51"]
[EventDate "2024.08.20"]
[EventType "swiss (blitz)"]
[EventRounds "11"]
[EventCountry "USA"]
[SourceTitle "EXT 2025"]
[Source "ChessBase"]
[SourceDate "2024.10.14"]
[SourceVersion "1"]
[SourceVersionDate "2024.10.14"]
[SourceQuality "1"]

1. d4 Nc6 2. Bg5 d6 3. Nc3 Nf6 4. e4 e5 5. Nf3 Be7 6. Bb5 exd4 7. Nxd4 Bd7 8. Bxc6 bxc6 9. Qf3 0-0 10. 0-0-0 Bg4 11. Qg3 Bxd1 12. Rxd1 Nh5 13. Bxe7 Qxe7 14. Qf3 Qg5+ 15. Kb1 c5 16. Nf5 g6 17. h4 Qf4 18. Ne7+ Kg7 19. Qd3 Qxh4 20. Ncd5 Nf6 21. Qc3 c6 22. g3 Qg5 23. f4 Qh5 24. Qxf6+ Kh6 25. Nf5+ Qxf5 26. exf5 1-0